[Event "Olympiad Women 2024"]
[Site "Budapest HUN"]
[Date "2024.09.15"]
[Round "5.2"]
[Board "1"]
[White "Gaal, Zsoka"]
[Black "Narva, Mai"]
[Result "1-0"]
[WhiteElo "2385"]
[BlackElo "2420"]
[PlyCount "117"]
[EventDate "2024.09.11"]
[WhiteTeam "Hungary"]
[BlackTeam "Estonia"]
[WhiteTeamCountry "HUN"]
[BlackTeamCountry "EST"]

1. Nf3 Nf6 2. c4 e6 3. g3 b6 4. Bg2 Bb7 5. O-O Be7 6. d4 d5 7. cxd5 exd5 8. Nc3 O-O 9. Bf4 Nbd7 10. Rc1 c6 11. Qc2 ({RR} 11. Ne5 Nxe5 12. Bxe5 Re8 13. Rc2 Nd7 14. Nxd5 cxd5 15. Bc7 Qc8 16. Bf4 Qd8 17. Bc7 {½-½ Eingorn,V (2580)-Vyzmanavin,A (2590) Goodricke op 03rd 1992 (11)}) 11... Re8 12. h4 Bb4 13. e3 h6 $146 ({RR} 13... Nf8 14. Ne5 Ne6 15. Rfd1 Rc8 16. Qb1 Qe7 17. Nd3 Bxc3 18. bxc3 c5 19. dxc5 bxc5 20. c4 Ba8 21. Be5 dxc4 22. Bxf6 Qxf6 23. Rxc4 Bxg2 24. Kxg2 Red8 25. Ne1 Rb8 26. Rxd8+ Qxd8 27. Qc2 Rb4 28. Rc3 {1-0 Petrov,N (2563)-Smirnov,A (2406) 76th ch-MNE 2024 (10.2)}) 14. Rfd1 Bxc3 15. bxc3 Ne4 16. c4 Ndf6 17. cxd5 cxd5 18. Qc7 Qe7 19. Bh3 Ba6 20. Qxe7 Rxe7 21. Ne5 Be2 22. Re1 Bb5 23. f3 Nd2 24. e4 Nc4 25. Nxc4 Bxc4 26. Bd6 Rb7 27. e5 Ne8 28. a4 Nxd6 29. exd6 b5 30. Re7 Rb6 31. d7 Kf8 32. Rce1 Rbb8 33. axb5 Bxb5 34. R7e5 Bc4 35. Bf5 a5 36. Bc2 Bb5 37. Rxd5 Bc4 38. Rc5 Be6 39. Ba4 Rd8 40. Rc7 g6 41. Re5 Ke7 42. d5 Kd6 43. dxe6 Kxc7 44. e7 Rxd7 45. Rc5+ Kd6 46. Rd5+ Kxe7 47. Rxd7+ Ke6 48. Rb7 f5 49. Rb6+ Kf7 50. Kf2 Rc8 51. Rb5 Ra8 52. Ke3 Ra6 53. Rc5 Re6+ 54. Kf2 Kf6 55. Rxa5 Rb6 56. Rc5 Rb4 57. Rc6+ Kg7 58. Bc2 Rb5 59. g4 1-0

[Event "Olympiad Women 2024"]
[Site "Budapest HUN"]
[Date "2024.09.15"]
[Round "5.2"]
[Board "2"]
[White "Olde, Margareth"]
[Black "Hoang, Thanh Trang"]
[Result "0-1"]
[WhiteElo "2135"]
[BlackElo "2351"]
[PlyCount "116"]
[EventDate "2024.09.11"]
[WhiteTeam "Estonia"]
[BlackTeam "Hungary"]
[WhiteTeamCountry "EST"]
[BlackTeamCountry "HUN"]

1. d4 e6 2. Nf3 f5 3. c4 Nf6 4. g3 d5 5. Bg2 Bd6 6. O-O c6 7. Ne5 Nbd7 ({RR} 7... b6 8. Bf4 O-O 9. Nd2 Bb7 10. Rc1 Qe7 11. Nd3 Nbd7 12. Bxd6 Qxd6 13. Nf3 c5 14. dxc5 bxc5 15. cxd5 exd5 16. Qa4 Ne4 17. Qa3 a5 18. Rfd1 Qb6 19. e3 a4 20. Nfe5 Nxe5 21. Nxe5 Qe6 22. Nd3 {1-0 Fominyh,A (2515)-Vaisser,A (2575) Cappelle op 10th 1994 (5)}) ({RR} 7... O-O 8. Bg5 Qe8 9. Bxf6 Rxf6 10. f4 Rh6 11. e3 Nd7 12. Nc3 Nf6 13. Bf3 Ne4 14. Bxe4 fxe4 15. c5 Be7 16. b4 Qf8 17. a4 Qf5 18. Qe2 Qh3 19. Qg2 Bf6 20. Qxh3 Rxh3 21. Kg2 Rh6 22. b5 {1-0 Rodgers,J (2043)-Bauml,B (2071) Titled Tue 20th Feb Late 2024 (3)}) 8. Bf4 Qc7 9. cxd5 Nxd5 10. Bc1 $146 ({RR} 10. Nd2 Nxe5 11. dxe5 Bxe5 12. Bxe5 Qxe5 13. Nc4 Qf6 14. e4 fxe4 15. Nd6+ Kd8 16. Nxe4 Qe7 17. f4 Bd7 18. Qd4 Rf8 19. Rfe1 b6 20. Rad1 Rc8 21. a3 Rc7 22. b4 Kc8 23. b5 Kb8 24. bxc6 Bxc6 {1-0 Nielsen,K-Sorensen,T DEN-ch65 Mesterskabet 1974 (5)}) 10... Nxe5 11. dxe5 Bxe5 12. e4 fxe4 13. Bxe4 O-O 14. Na3 Nf6 15. Bg2 Rd8 16. Qe2 Bd4 17. Bg5 e5 18. Kh1 Bg4 19. Qc2 Qd7 20. Rae1 Kh8 21. Nc4 Re8 22. Ne3 Be6 23. Bxf6 gxf6 24. Be4 Rad8 25. b3 Bxe3 26. fxe3 Rf8 27. Rd1 Qe7 28. Rxd8 Rxd8 29. Qf2 Bh3 30. Bg2 Bxg2+ 31. Kxg2 Kg7 32. Qf5 Qf7 33. Rf2 Qg6 34. g4 Qxf5 35. gxf5 Kf7 36. Kf3 Rd1 37. Rg2 a5 38. Ke4 h5 39. Rc2 Rg1 40. Kf3 Rf1+ 41. Ke4 Rg1 42. Kf3 Rg4 43. h3 Rg5 44. Rc5 Rxf5+ 45. Ke4 Rf2 46. Rxa5 Ke6 47. Ra7 f5+ 48. Kd3 e4+ 49. Kd4 Rd2+ 50. Kc4 Rc2+ 51. Kb4 f4 52. exf4 e3 53. Ra8 Kf7 54. Rh8 e2 55. Rh7+ Kf6 56. Rh6+ Kf5 57. Rxh5+ Kxf4 58. Rh4+ Ke5 0-1

[Event "Olympiad Women 2024"]
[Site "Budapest HUN"]
[Date "2024.09.15"]
[Round "5.2"]
[Board "3"]
[White "Terbe, Julianna"]
[Black "Blokhin, Sofia"]
[Result "1-0"]
[WhiteElo "2245"]
[BlackElo "2036"]
[PlyCount "65"]
[EventDate "2024.09.11"]
[WhiteTeam "Hungary"]
[BlackTeam "Estonia"]
[WhiteTeamCountry "HUN"]
[BlackTeamCountry "EST"]

1. d4 f5 2. c4 Nf6 3. Nf3 g6 4. g3 Bg7 5. Bg2 O-O 6. O-O d6 7. Nc3 c6 8. b3 Na6 9. Ba3 Ne4 $146 ({RR} 9... Qa5 10. Qc1 Bd7 11. Rb1 b5 12. b4 Qd8 13. d5 Rc8 14. dxc6 Bxc6 15. cxb5 Bxf3 16. exf3 Ne4 17. fxe4 Rxc3 18. Qd1 Rxa3 19. bxa6 f4 20. b5 Kh8 21. Qd5 Be5 22. Rb3 Rxa2 23. gxf4 Rxf4 24. Rd3 {0-1 Ivanisevic,I (2588)-Danielsen,H (2520) Reykjavik op 22nd 2006 (4)}) ({RR} 9... Rb8 10. Qd3 Bd7 11. Rac1 Qa5 12. Bb2 Rbe8 13. a3 e5 14. b4 Qc7 15. dxe5 dxe5 16. e4 f4 17. Nb5 cxb5 18. cxb5 Qb8 19. bxa6 bxa6 20. Rc5 Bb5 21. Qb3+ Kh8 22. Bxe5 Rxe5 23. Nxe5 fxg3 24. hxg3 {0-1 Korobov,A (2680)-Bartel,M (2641) Wch Blitz 8th 2014 (7)}) ({RR} 9... Bd7 10. Re1 Ne4 11. Bb2 Nxc3 12. Bxc3 Nc5 13. Nd2 Ne6 14. e3 b5 15. Rc1 a5 16. cxb5 cxb5 17. Bxa8 Qxa8 18. d5 Qxd5 19. Bxg7 Kxg7 20. e4 fxe4 21. Nxe4 Nd4 22. f4 Rc8 23. Nc3 Qc5 24. Ne4 {0-1 Voege,T (2291)-Bartel,M (2647) Titled Tue 30th Apr Early 2024 (2)}) ({RR} 9... Nc7 10. Qc2 Rb8 11. Bb2 Qe8 12. Rad1 e5 13. dxe5 dxe5 14. Ba3 Rf7 15. Bd6 Nh5 16. c5 Ra8 17. b4 e4 18. Ng5 Rd7 19. Qb3+ Kh8 20. Rfe1 Nf6 21. f3 e3 22. f4 a5 23. bxa5 Rxa5 24. Bxc7 {1-0 Le,T (2501)-Grieve,H (2351) Titled Tuesday intern op 13th Oct blitz 2020 (1)}) 10. Qc2 Nxc3 11. Qxc3 c5 12. Rad1 Qb6 13. Qd2 Bd7 14. d5 Qd8 15. e4 fxe4 16. Ng5 h6 17. Ne6 Bxe6 18. dxe6 Rb8 19. Bxe4 Qc8 20. Rde1 b5 21. Bxg6 bxc4 22. Bf7+ Kh7 23. Qc2+ Kh8 24. Qxc4 Nb4 25. Bc1 Nxa2 26. Bxh6 Bxh6 27. Qh4 Rxf7 28. exf7 Qf8 29. Rxe7 Rb4 30. Qf6+ Kh7 31. Re8 Qg7 32. Qf5+ Qg6 33. Rh8+ 1-0

[Event "Olympiad Women 2024"]
[Site "Budapest HUN"]
[Date "2024.09.15"]
[Round "5.2"]
[Board "4"]
[White "Narva, Triin"]
[Black "Lazarne Vajda, Szidonia"]
[Result "0-1"]
[WhiteElo "2066"]
[BlackElo "2283"]
[PlyCount "100"]
[EventDate "2024.09.11"]
[WhiteTeam "Estonia"]
[BlackTeam "Hungary"]
[WhiteTeamCountry "EST"]
[BlackTeamCountry "HUN"]

1. e4 e5 2. Bc4 Nf6 3. d4 exd4 4. Nf3 Nc6 5. e5 d5 6. Bb5 Ne4 7. Nxd4 Bd7 8. Bxc6 bxc6 9. O-O Bc5 10. Be3 Bb6 11. f3 Ng5 12. f4 Ne4 13. Nd2 Nxd2 14. Qxd2 c5 15. Nf3 d4 16. Bf2 Bc6 17. Bh4 Qd7 18. Rad1 ({RR} 18. f5 Qxf5 19. a4 a5 20. Nxd4 Qd7 21. Nf3 c4+ 22. Bf2 O-O-O 23. Qf4 Qd5 24. Bxb6 cxb6 25. Rf2 Rd7 26. Ng5 f6 27. e6 Rc7 28. Nf7 Rg8 29. Nd6+ Kb8 30. e7 Rxe7 31. Nf5+ Rc7 32. Ne7 Qe6 {1-0 Keleberda,T (2222)-Sharma,V (1905) 34th Panam Youth U18 2024 (4.2)}) 18... c4 $146 ({RR} 18... Qf5 19. h3 h5 20. Bg5 Bxf3 21. Rxf3 f6 22. Bh4 O-O-O 23. Re1 c4 24. Bf2 Rhe8 25. Kh2 Qd7 26. Rg3 fxe5 27. fxe5 Qd5 28. Rg5 Ba5 29. c3 dxc3 30. Qf4 cxb2 31. Rb1 Bd2 32. Qf5+ Qe6 33. Rxb2 {0-1 Yurdakul,D (1762)-Tancsa,T (2087) Veliko Gradiste Silver Lake op-A 2021 (3)}) ({RR} 18... O-O 19. f5 Qxf5 20. Nxd4 Qd7 21. Nxc6 Qxc6 22. c4 Qe4 23. Qf4 Qxf4 24. Rxf4 Rae8 25. Re1 Re6 26. Rg4 Rfe8 27. Re3 f5 28. Rf4 Rxe5 29. Rxe5 Rxe5 30. Bg3 g6 31. Kf1 Kf7 32. Rh4 Re4 33. Rxh7+ {½-½ Jones,G (2670)-Amin,B (2686) ACP ChessBase KO blitz 2020 (2.1)}) ({RR} 18... Qg4 19. h3 Qh5 20. Qe1 O-O 21. Qg3 Qg6 22. Bg5 Bxf3 23. Rxf3 h6 24. Bh4 Qxc2 25. Bf6 g6 26. Rfd3 c4 27. R3d2 Qf5 28. Qh4 Kh7 29. Bg5 Rh8 30. Bf6 c3 31. Bxh8 Rxh8 32. g4 Qxf4 33. Rg2 {0-1 Selezneva,E (1579)-Kabludenko,M (1337) Voronezh op-B 19th 2015 (7)}) 19. Nxd4 Qg4 20. Qf2 O-O 21. h3 Qh5 22. Kh2 Bb7 23. Qg3 Kh8 24. e6 f6 25. e7 Rfe8 26. Rfe1 Qf7 27. Qa3 c5 28. Nf5 Qg6 29. g4 h5 30. Qg3 Bc7 31. Re2 Bc8 32. Rd5 hxg4 33. hxg4 Bxf5 34. gxf5 Qh6 35. Kg1 Bxf4 36. Qg4 Be3+ 37. Kf1 Rxe7 38. Qg3 Bf4 39. Qf2 Rxe2 40. Kxe2 Re8+ 41. Kf3 Bc1 42. Kg2 Qh5 43. Bg3 Re2 44. Rxc5 Be3 45. Rc8+ Kh7 46. Qxe2 Qxe2+ 47. Kh3 Qxc2 48. Rc7 Qxf5+ 49. Kg2 Bb6 50. Re7 Qc2+ 0-1

[Event "Olympiad Women 2024"]
[Site "Budapest HUN"]
[Date "2024.09.15"]
[Round "5.3"]
[Board "1"]
[White "Zhu, Jiner"]
[Black "Mkrtchian, Lilit"]
[Result "0-1"]
[WhiteElo "2487"]
[BlackElo "2366"]
[PlyCount "100"]
[EventDate "2024.09.11"]
[WhiteTeam "China"]
[BlackTeam "Armenia"]
[WhiteTeamCountry "CHN"]
[BlackTeamCountry "ARM"]

1. e4 c6 2. d4 d5 3. Nc3 dxe4 4. Nxe4 Nd7 5. Bd3 Ngf6 6. Ng5 e6 7. Qe2 Bd6 8. Bd2 h6 9. Ne4 Nxe4 10. Qxe4 Nf6 11. Qe2 Qc7 12. Nf3 b6 13. c4 Bb7 14. Bc3 c5 15. O-O-O O-O-O 16. dxc5 Bxc5 17. Kb1 Rhe8 18. Bc2 $146 ({RR} 18. Ne5 Re7 19. Bc2 Rxd1+ 20. Rxd1 Ne8 21. Nxf7 Nd6 22. Nxd6+ Bxd6 23. Be4 {1-0 Phatak,A (1769)-Tomic,S (1928) Veliko Gradiste Silver Lake op-A 2021 (8)}) 18... Rxd1+ 19. Rxd1 Rd8 20. Rxd8+ Kxd8 21. Ne5 Ke7 22. g4 Qd6 23. Nd3 Qxh2 24. Nxc5 Qh1+ 25. Bd1 bxc5 26. f3 h5 27. gxh5 Qxh5 28. a3 Nd7 29. Ka2 f6 30. Qg2 g5 31. b4 Qh4 32. Qe2 Nb6 33. Bb3 Qf4 34. bxc5 Bxf3 35. Qf2 Nd7 36. Bd2 Qe4 37. c6 Qxc6 38. Qxa7 g4 39. Kb2 Qb6 40. Qa4 Qd4+ 41. Bc3 Qf2+ 42. Ka1 g3 43. Bb4+ Ke8 44. Qa6 Qd4+ 45. Ka2 g2 46. Qxe6+ Kd8 47. Qg8+ Kc7 48. Qg3+ Kc8 49. Ba5 Qc5 50. Qe1 Ne5 0-1

[Event "Olympiad Women 2024"]
[Site "Budapest HUN"]
[Date "2024.09.15"]
[Round "5.3"]
[Board "2"]
[White "Mkrtchyan, Mariam"]
[Black "Song, Yuxin"]
[Result "0-1"]
[WhiteElo "2328"]
[BlackElo "2373"]
[PlyCount "92"]
[EventDate "2024.09.11"]
[WhiteTeam "Armenia"]
[BlackTeam "China"]
[WhiteTeamCountry "ARM"]
[BlackTeamCountry "CHN"]

1. d4 Nf6 2. c4 e6 3. Nf3 b6 4. g3 Bb7 5. Bg2 Be7 6. Nc3 Ne4 7. Bd2 O-O 8. d5 Nxd2 9. Qxd2 d6 10. O-O Bf6 ({RR} 10... e5 11. e4 Nd7 12. b4 g6 13. Bh3 a5 14. a3 Nf6 15. Qe2 Ne8 16. Nd2 Ng7 17. bxa5 Rxa5 18. a4 f5 19. Nb3 Ra6 20. a5 Bc8 21. axb6 Rxb6 22. Na5 f4 23. Nc6 Rxc6 24. Ra8 Bg4 25. Rxd8 {½-½ Radjabov,T (2731)-Jobava,B (2696) Tbilisi FIDE GP 2015 (2)}) ({RR} 10... e5 11. e4 Nd7 12. Ne1 g6 13. Nd3 a5 14. a3 Bg5 15. Qe2 h5 16. f4 Bf6 17. f5 Bg5 18. fxg6 fxg6 19. Rxf8+ Nxf8 20. Bh3 Kg7 21. Rf1 Qe7 22. Nb5 Bf6 23. Ne1 Nh7 24. Nf3 Ba6 25. a4 {½-½ Quintin Navarro,A (2373)-Fernandez Guillen,E (2454) 48th Seville Open 2023 (9.4)}) 11. e4 $146 ({RR} 11. Nd4 e5 12. Nc6 Qd7 13. Nxb8 Raxb8 14. b4 g6 15. c5 dxc5 16. bxc5 Be7 17. Qe3 Bxc5 18. Qxe5 Rbe8 19. Qf4 Ba6 20. Rfe1 f5 21. Bf3 Qg7 22. Rac1 Ba3 23. Qa4 Bxc1 24. Rxc1 Bc8 25. Qxa7 Bd7 {½-½ Torre,E (2550)-Balinas,R (2420) Loyola m Bacolod 1977 (10)}) ({RR} 11. Nd4 e5 12. Nc2 Nd7 13. Nb4 a5 14. Nc6 Bxc6 15. dxc6 Nc5 16. Bd5 Qe7 17. Qc2 g6 18. e4 h5 19. f4 Kg7 20. f5 h4 21. Rf3 hxg3 22. Rxg3 Bh4 23. Rg4 Rh8 24. Rf1 Raf8 25. Qg2 Rh6 {1-0 Psakhis,L (2555)-Kosashvili,Y (2475) Israel 1991}) 11... a6 12. Rfc1 Nd7 13. b4 a5 14. a3 Ne5 15. Nxe5 Bxe5 16. f4 Bf6 17. Ra2 e5 18. Rcc2 Qd7 19. f5 Rfb8 20. Bf1 Qd8 21. h4 axb4 22. axb4 Rxa2 23. Rxa2 Ra8 24. Be2 g6 25. Bd3 Rxa2 26. Qxa2 Qf8 27. Kf2 Bc8 28. Nb5 Bd8 29. Qa7 gxf5 30. exf5 Qe7 31. Be4 Qf6 32. Nxc7 Bxf5 33. Ne8 Qh6 34. Bxf5 Qd2+ 35. Kf1 Qd1+ 36. Kf2 Qd2+ 37. Kf3 Qd1+ 38. Ke3 Qe1+ 39. Kd3 Qxg3+ 40. Ke2 Qg2+ 41. Ke3 Bxh4 42. Bxh7+ Kf8 43. Nxd6 Bg5+ 44. Kd3 Qd2+ 45. Ke4 Qe3+ 46. Kf5 Qf4# 0-1

[Event "Olympiad Women 2024"]
[Site "Budapest HUN"]
[Date "2024.09.15"]
[Round "5.3"]
[Board "3"]
[White "Ni, Shiqun"]
[Black "Danielian, Elina"]
[Result "1/2-1/2"]
[WhiteElo "2348"]
[BlackElo "2393"]
[PlyCount "65"]
[EventDate "2024.09.11"]
[WhiteTeam "China"]
[BlackTeam "Armenia"]
[WhiteTeamCountry "CHN"]
[BlackTeamCountry "ARM"]

1. e4 e6 2. d4 d5 3. exd5 exd5 4. Nf3 Nf6 5. Bd3 Bd6 6. O-O O-O 7. Bg5 Bg4 8. Nbd2 Nbd7 9. h3 ({RR} 9. Re1 Re8 {½-½ Zhang,P (2640)-Wang,H (2684) CHN-ch Beijing 2008 (8)}) 9... Bxf3 ({RR} 9... Bh5 10. c3 c6 11. Qc2 Qc7 12. Rfe1 Rae8 13. Nh4 Bh2+ 14. Kh1 Bf4 15. Bxf4 Qxf4 16. Nhf3 Bg6 17. Bxg6 fxg6 18. Qb3 b5 19. Qa3 Qc7 20. Ng5 Qf4 21. Ndf3 Ne4 22. Nxe4 dxe4 23. Nh2 Qxf2 24. Qxa7 {0-1 Abdikayim,M-Tynybekov,B (1795) FIDE World Rapid Team 2024 (7.18)}) 10. Qxf3 c6 $146 ({RR} 10... h6 11. Bxf6 Nxf6 12. Rae1 Qd7 13. c3 Rfe8 14. Qf5 Qxf5 15. Bxf5 g6 16. Bd3 Rxe1 17. Rxe1 Re8 18. Rxe8+ Nxe8 {½-½ Kreslavsky,R-Jadvizhena,N (2206) Kharkov Caissa CC-ch 2001 (11)}) 11. c3 Qb6 12. b4 a5 13. a3 Qc7 14. Rfe1 Rfe8 15. Nb3 axb4 16. axb4 Rxa1 17. Rxa1 h6 18. Bxf6 Nxf6 19. Nd2 Qe7 20. Nf1 g6 21. b5 Kg7 22. bxc6 bxc6 23. c4 dxc4 24. Bxc4 c5 25. dxc5 Bxc5 26. Ra2 Qe4 27. Qxe4 Rxe4 28. Be2 h5 29. g3 Rb4 30. Bf3 Bd4 31. Kg2 Rb2 32. Rxb2 Bxb2 33. Ne3 1/2-1/2

[Event "Olympiad Women 2024"]
[Site "Budapest HUN"]
[Date "2024.09.15"]
[Round "5.3"]
[Board "4"]
[White "Sargsyan, Anna M."]
[Black "Lu, Miaoyi"]
[Result "1-0"]
[WhiteElo "2364"]
[BlackElo "2438"]
[PlyCount "75"]
[EventDate "2024.09.11"]
[WhiteTeam "Armenia"]
[BlackTeam "China"]
[WhiteTeamCountry "ARM"]
[BlackTeamCountry "CHN"]

1. e4 {So,Wesley} e5 2. Nf3 Nc6 3. Bc4 Nf6 4. d3 Bc5 5. c3 d6 6. O-O O-O 7. Re1 a5 8. h3 ({RR} 8. Bg5) 8... Ba7 ({RR} 8... Be6 9. Bb5 Ba7) 9. Bb3 ({RR} 9. Nbd2 Be6 10. Bb5 Ne7 11. d4 Ng6) 9... h6 10. Nbd2 ({RR} 10. d4 Re8 11. Bc2 Bd7) 10... Be6 11. Bc2 ({RR} 11. Ba4 Rb8) ({RR} 11. Bxe6 fxe6) 11... Re8 ({RR} 11... d5 12. exd5 Qxd5 13. Qe2) 12. Nf1 d5 13. exd5 Qxd5 $146 ({RR} 13... Bxd5 14. Ng3 Qd6 15. Nf5 Qd7 ({RR} 15... Qf8 16. Nh2) 16. N3h4 Ne7 ({RR} 16... Kh8) 17. Rxe5 Nxf5 18. Rxf5 Qe6 ({RR} 18... Re6) 19. d4 ({RR} 19. Bf4 g5 20. Be5 gxh4 21. d4 Nd7 22. Bf4 Nf8 23. Re5 Qc6) ({RR} 19. Bd2 g6 20. Rxd5 Nxd5 21. d4) 19... Qe1+ 20. Kh2 c5 ({RR} 20... Qxd1 21. Bxd1 Re1 22. Bd2 Rf1) 21. Bxh6 Bb8+ ({RR} 21... Qxd1 22. Rxd1 gxh6 23. Rxf6 Re2) 22. Bf4 ({RR} 22. g3 Qxd1 23. Rxd1) 22... Qxd1 23. Rxd1 Be6 ({RR} 23... Bxf4+ 24. Rxf4 Re2) 24. Rxf6 gxf6 25. Bxb8 Raxb8 26. d5 Bd7 27. Rd2 b5 ({RR} 27... Re5) 28. Bf5 {1-0 So,W (2770)-Grischuk,A (2777) Online Olym KO Stage rapid 2020 (3.1)}) 14. Be3 ({RR} 14. Ng3 b5) 14... Bxe3 15. Nxe3 Qb5 16. Ba4 Qxb2 17. Rb1 Qxc3 18. Rxb7 Re7 19. Qb1 Nb4 20. Rc1 Qa3 21. Bb3 Nxa2 22. Rc6 Bxb3 23. Rxb3 Qa4 24. Rxf6 gxf6 25. Nf5 Ree8 26. d4 exd4 27. N3xd4 Rad8 28. Nxh6+ Kf8 29. Qh7 Re1+ 30. Kh2 Qc4 31. Nhf5 Ke8 32. Rd3 Kd7 33. Ne6+ Kxe6 34. Rxd8 Qf4+ 35. Ng3 Re5 36. Qc2 Nb4 37. Qxc7 Re4 38. Qd7+ 1-0

[Event "Olympiad Women 2024"]
[Site "Budapest HUN"]
[Date "2024.09.15"]
[Round "5.4"]
[Board "1"]
[White "Munkhzul, Turmunkh"]
[Black "Tokhirjonova, Gulrukhbegim"]
[Result "1-0"]
[WhiteElo "2256"]
[BlackElo "2380"]
[PlyCount "132"]
[EventDate "2024.09.11"]
[WhiteTeam "Mongolia"]
[BlackTeam "United States of America"]
[WhiteTeamCountry "MGL"]

1. e4 e5 2. Nf3 Nc6 3. Bb5 a6 4. Bxc6 dxc6 5. Nc3 f6 6. d4 exd4 7. Qxd4 Qxd4 8. Nxd4 Bd7 9. Be3 O-O-O 10. f3 Ne7 11. Kf2 Ng6 12. Rad1 h5 ({RR} 12... Bd6 13. g4 h5 14. h3 Rh7 15. Nf5 Be5 16. Ng3 hxg4 17. hxg4 Rdh8 18. Rxh7 Rxh7 19. Nh5 Nf8 20. Bd4 Bxd4+ 21. Rxd4 Ne6 22. Rd2 Be8 23. Ng3 g6 24. Nce2 Rh4 25. Rd1 c5 26. Rh1 Rxh1 27. Nxh1 {½-½ Munkhzul,T (2258)-Mungunzul,B (2116) ch-MGL Women 2024 (6.2)}) 13. h4 $146 ({RR} 13. Nde2 Bd6 14. g3 Ne5 15. b3 h4 16. Na4 f5 17. Nec3 Rdf8 18. Ke2 Ng6 19. Nb6+ cxb6 20. Rxd6 hxg3 21. Rxg6 Rxh2+ 22. Kf1 Rxh1+ 23. Kg2 Rh2+ 24. Kxg3 Rxc2 25. Rxg7 {0-1 Grabs,P (1566)-Vifleemskaia,S (1971) Titled Tue 20th Jun Late 2023 (8)}) 13... Re8 14. Nde2 Ne5 15. b3 g6 16. Nf4 Bd6 17. Nd3 Rhf8 18. Nxe5 Bxe5 19. Na4 f5 20. Nc5 Be6 21. Nxe6 Rxe6 22. exf5 gxf5 23. Bd4 Bd6 24. Rhe1 Rg6 25. Kf1 Rfg8 26. Re2 Bg3 27. Bf2 Bf4 28. Rde1 Bd6 29. Re8+ Kd7 30. Rxg8 Rxg8 31. Bd4 c5 32. Bf6 b5 33. c4 Rb8 34. Ke2 Ke6 35. Bg5 bxc4 36. bxc4 f4 37. Kd3+ Kf5 38. Re2 Be5 39. Be7 Bd4 40. Bg5 a5 41. Re4 Be5 42. Be7 Rg8 43. Re2 Bd4 44. Bg5 Be3 45. g3 Rg6 46. Rg2 Rd6+ 47. Kc2 Rd4 48. Kc3 Rd1 49. Bxf4 Bxf4 50. gxf4 Rc1+ 51. Kd3 Kxf4 52. Rg5 Ra1 53. Rxh5 Rxa2 54. Rxc5 Kxf3 55. Rxc7 Kf4 56. Rc5 a4 57. Ra5 a3 58. Kc3 Ke4 59. h5 Ra1 60. h6 Rh1 61. Rxa3 Rxh6 62. Ra8 Ke5 63. Rd8 Ke6 64. Kb4 Rh1 65. Kb5 Ke7 66. Rd2 Rb1+ 1-0

[Event "Olympiad Women 2024"]
[Site "Budapest HUN"]
[Date "2024.09.15"]
[Round "5.4"]
[Board "2"]
[White "Yip, Carissa"]
[Black "Munguntuul, Batkhuyag"]
[Result "1/2-1/2"]
[WhiteElo "2386"]
[BlackElo "2346"]
[PlyCount "109"]
[EventDate "2024.09.11"]
[WhiteTeam "United States of America"]
[BlackTeam "Mongolia"]
[BlackTeamCountry "MGL"]

1. e4 c6 2. d4 d5 3. e5 Bf5 4. Nf3 e6 5. Be2 c5 6. O-O Nc6 7. Be3 cxd4 8. Nxd4 Nxd4 9. Qxd4 Ne7 10. Qa4+ Nc6 11. c4 ({RR} 11. Rd1 Qc7 12. c4 dxc4 13. Na3 Be7 14. Nxc4 O-O 15. f4 Rfd8 16. Bf3 Nb4 17. Rxd8+ Rxd8 18. Nd6 Bxd6 19. exd6 Qxd6 20. Rd1 Nd3 21. Qxa7 b5 22. a3 h6 23. Qb6 Qxb6 24. Bxb6 Rc8 25. Be2 Nxb2 {½-½ Smirnov,A (2136)-Ouellet,M (2195) Titled Tue 29th Aug Early 2023 (1)}) 11... d4 ({RR} 11... dxc4 12. Qxc4 Be7 13. Nc3 O-O 14. f4 h6 15. Rfd1 Qa5 16. Rd7 Rfc8 17. Qb5 Bb4 18. Rc1 Bxc3 19. Rxc3 Qxb5 20. Bxb5 Be4 21. Bf1 Nb4 22. Rxc8+ Rxc8 23. Rd4 {1-0 Yip,C (2402)-Krush,I (2429) USA-ch (Women) 2021 (4)}) 12. Rd1 Bc5 13. b4 Qh4 $146 ({RR} 13... Qe7 14. Bd2 Bxb4 15. Bf3 O-O 16. Bxc6 Bxd2 17. Bxb7 Qxb7 18. Nxd2 Qb2 19. Rac1 d3 20. Qa5 Rfd8 21. Nb3 Rac8 22. Rd2 {1-0 L'Ami,E (2541)-Bakker,S (2305) NED-chT 0506 2005 (3.2)}) ({RR} 13... Bxb4 14. Bf3 Qd7 15. Bxc6 Qxc6 16. Qxb4 dxe3 17. fxe3 Rc8 18. Na3 Qc5 19. Qxc5 Rxc5 20. Nb5 Rxe5 21. Kf2 a6 22. Nd6+ Ke7 23. Nxb7 Rb8 24. Nd6 Rb2+ 25. Kf3 Bg6 26. Rd4 Rc5 27. e4 e5 28. Rd3 {0-1 Beikert,G (2432)-Hera,I (2533) BL2-Sued 1112 2011 (2.1)}) 14. g3 Qe4 15. Bd3 Qf3 16. Nd2 Qh5 17. Bf4 Bxb4 18. Bxf5 Qxf5 19. Nf3 O-O 20. Rab1 Qe4 21. Ng5 Qe2 22. Qb3 Bc3 23. Qxb7 Nxe5 24. c5 d3 25. Ne4 Bd4 26. Bxe5 Bxe5 27. Rd2 Rab8 28. Rxe2 Rxb7 29. Ree1 Rxb1 30. Rxb1 f5 31. Ng5 h6 32. Nxe6 Re8 33. Nf4 d2 34. Kf1 Bc3 35. Ne2 Ba5 36. Rd1 Kf7 37. c6 Kf6 38. c7 Rc8 39. Nd4 Rxc7 40. Nb3 Bb4 41. Nxd2 Rc2 42. Nb3 Rxa2 43. Rd5 g6 44. Rb5 a5 45. h3 Ra3 46. Nd4 Rc3 47. Rb6+ Kg7 48. Ra6 Rd3 49. Nc6 f4 50. gxf4 Rf3 51. Kg2 Rxf4 52. Nxa5 Bc5 53. Nb7 Rxf2+ 54. Kg3 Rf5 55. Nxc5 1/2-1/2

[Event "Olympiad Women 2024"]
[Site "Budapest HUN"]
[Date "2024.09.15"]
[Round "5.4"]
[Board "3"]
[White "Nomin-Erdene, Davaademberel"]
[Black "Krush, Irina"]
[Result "1/2-1/2"]
[WhiteElo "2319"]
[BlackElo "2396"]
[PlyCount "87"]
[EventDate "2024.09.11"]
[WhiteTeam "Mongolia"]
[BlackTeam "United States of America"]
[WhiteTeamCountry "MGL"]

1. Nf3 c5 2. c4 Nc6 3. g3 g6 4. Bg2 Bg7 5. Nc3 d6 6. d3 Bf5 7. h3 ({RR} 7. Bd2 Qd7 8. h3 h6 9. e4 Be6 10. Rb1 Rb8 11. a3 a6 12. b4 cxb4 13. axb4 b5 14. cxb5 axb5 15. Nd5 g5 16. Qc1 Nf6 17. Bc3 O-O 18. Qb2 Bxd5 19. exd5 Na7 20. h4 g4 21. Nd4 e5 {1-0 Moussard,J (2571)-Cheparinov,I (2699) Gibraltar Masters 16th 2018 (7)}) ({RR} 7. Nh4 Bd7 8. Bd2 Qc8 9. h3 Nf6 10. Rb1 O-O 11. a3 Rb8 12. b4 b6 13. Nf3 Nd4 14. Nxd4 cxd4 15. Nb5 Bxb5 16. cxb5 Qf5 17. Qa4 Nd5 18. O-O Rbc8 19. Rbc1 Nc3 20. Bxc3 dxc3 21. Qxa7 Qxb5 {1-0 Terry,R (2521)-Ali,M (2358) Titled Tue 28th May Early 2024 (4)}) 7... e5 $146 ({RR} 7... Qd7 8. g4 Be6 9. Ng5 Nf6 10. a3 a6 11. Rb1 Rb8 12. Bd2 b5 13. cxb5 axb5 14. b4 c4 15. Nxe6 fxe6 16. dxc4 bxc4 17. g5 Nh5 18. b5 Nd4 19. e3 Nxb5 20. Qa4 Bxc3 21. Bxc3 O-O 22. O-O {½-½ Shapiro,V (2144)-Nilsen,T (2219) Titled Tue 8th Aug Late 2023 (5)}) ({RR} 7... Nf6 8. O-O O-O 9. Be3 e5 10. Qd2 Rb8 11. Bh6 a6 12. Nd5 Nxd5 13. Bxg7 Kxg7 14. cxd5 Ne7 15. b4 b6 16. e4 Bd7 17. Qc3 f6 18. bxc5 bxc5 19. Nd2 g5 20. Nc4 Qc7 21. Kh2 Ng6 22. Rfb1 {1-0 Pavlovic,M (2481)-Siva,M (2388) Kragujevac Sumarice GM 2015 (5)}) 8. Be3 Nge7 9. Qd2 h6 10. Rb1 Qd7 11. a3 Rd8 12. b4 b6 13. Qc1 Be6 14. Bd2 f5 15. h4 Kf8 16. O-O Kg8 17. e4 Kh7 18. Nd5 Rhf8 19. b5 Nb8 20. Nh2 Rde8 21. a4 Qd8 22. a5 Nxd5 23. exd5 Bc8 24. axb6 axb6 25. Ra1 Qc7 26. Ra8 Bb7 27. Ra7 Nd7 28. Qc2 Re7 29. Rfa1 Nf6 30. Bc3 Qd8 31. Qb2 Rff7 32. R7a3 Qf8 33. Qc2 Re8 34. Ra7 Rd7 35. Qb2 Qf7 36. Qc2 Kg8 37. Qb2 Rde7 38. Qc1 Kh8 39. Qd2 Kh7 40. Qc1 Kg8 41. R7a2 Kh7 42. Ra7 Bh8 43. R7a3 Bg7 44. Ra7 1/2-1/2